00000000nam##2200000za#4500
0019.598377
003CaOODSP
00520210624204524
007cr |||||||||||
008150406|2009||||xxc|||||o    f|0| 0 fre|d
022 |a1488-5468
040 |aCaOODSP|bfre
043 |an-cn---
0861 |aFs97-4/2903F-PDF
1101 |aCanada. |bMinistère des pêches et des océans.
24510|aSynthèse de la biologie de la caprelle japonaise (Caprella mutica) / |h[ressource électronique]|cpar Christian Turcotte et Bernard Sainte-Marie.
260 |aMont-Joli - Québec : |bPêches et Océans Canada |c2009.
300 |a38p.|bfigures, références, tableau
4901 |aRapport manuscrit canadien des sciences halieutiques et aquatiques|x1488-5468|v2903
500 |aLe n° de catalogue (FS97-4/2903) copié dans cette version PDF est incorrect.
546 |a(Abstract in English)
590 |a10-05|b2010-02-05
7201 |aSainte-Marie, Bernard
7201 |aTurcotte, Christian
77508|tBiological synopsis of the Japanese skeleton shrimp (Caprella mutica) / |w(CaOODSP)9.566982
7760#|tSynthèse de la biologie de la caprelle japonaise (Caprella mutica) / |w(CaOODSP)9.628376
830#0|aRapport manuscrit canadien des sciences halieutiques et aquatiques,|x1488-5468|v2903|w(CaOODSP)9.501611
85640|ahttp://publications.gc.ca|qPDF|s948 Ko|uhttps://publications.gc.ca/collections/collection_2010/mpo-dfo/Fs97-4-2903-fra.pdf|y2903